The dungeon of doom / (Record no. 827)

MARC details
000 -LEADER
fixed length control field 01220nam a22003617a 4500
005 - DATE AND TIME OF LATEST TRANSACTION
control field 20251120135528.0
020 ## - INTERNATIONAL STANDARD BOOK NUMBER
International Standard Book Number 1591886449
040 ## - CATALOGING SOURCE
Original cataloging agency JED
Language of cataloging eng
Transcribing agency JED
Modifying agency BAKER
-- OCLCG
-- QT4
-- IUI
-- UPZ
-- DUNPL
-- TJT
-- OCLCQ
-- OCLCF
-- DEERP
-- OCLCO
-- OCLCQ
-- OCLCO
-- OCL
-- DLC
050 00 - LIBRARY OF CONGRESS CALL NUMBER
Classification number RZC 4009
082 04 - DEWEY DECIMAL CLASSIFICATION NUMBER
Classification number 517
Edition number 22
082 04 - DEWEY DECIMAL CLASSIFICATION NUMBER
Classification number PZ7.E72556
100 1# - MAIN ENTRY--PERSONAL NAME
Personal name Erickson, John R.,
Dates associated with a name 1943-
245 14 - TITLE STATEMENT
Title The dungeon of doom /
Statement of responsibility, etc. John R. Erickson ; Illustrations by Gerald L. Holmes
260 ## - PUBLICATION, DISTRIBUTION, ETC.
Place of publication, distribution, etc. United States :
Name of publisher, distributor, etc. Puffin Books,
Date of publication, distribution, etc. 2004.
300 ## - PHYSICAL DESCRIPTION
Extent 122 pages :
Other physical details illustrations ;
Dimensions 20 cm.
490 1# - SERIES STATEMENT
Series statement Hank the Cowdog ;
Volume/sequential designation Book 44
505 0# - FORMATTED CONTENTS NOTE
Formatted contents note R <br/>
520 ## - SUMMARY, ETC.
Summary, etc. Loper wants Hank to learn some manners, so he's sending him to obedience school.
521 ## - TARGET AUDIENCE NOTE
Target audience note 670 <br/>
Source Lexile <br/>
521 ## - TARGET AUDIENCE NOTE
Target audience note R <br/>
Source Raz-Plus <br/>
650 #0 - SUBJECT ADDED ENTRY--TOPICAL TERM
Topical term or geographic name entry element Dogs
Form subdivision Juvenile fiction.
650 #1 - SUBJECT ADDED ENTRY--TOPICAL TERM
Topical term or geographic name entry element Dogs
Form subdivision Fiction.
650 #1 - SUBJECT ADDED ENTRY--TOPICAL TERM
Topical term or geographic name entry element Ranch life
Geographic subdivision West (U.S.)
Form subdivision Fiction.
650 #1 - SUBJECT ADDED ENTRY--TOPICAL TERM
Topical term or geographic name entry element Humorous stories.
650 #0 - SUBJECT ADDED ENTRY--TOPICAL TERM
Topical term or geographic name entry element Western stories.
655 #1 - INDEX TERM--GENRE/FORM
Genre/form data or focus term Audiobooks.
655 #7 - INDEX TERM--GENRE/FORM
Genre/form data or focus term Humorous fiction.
Source of term gsafd
655 #7 - INDEX TERM--GENRE/FORM
Genre/form data or focus term Western stories.
Source of term gsafd
655 #7 - INDEX TERM--GENRE/FORM
Genre/form data or focus term Children's audiobooks.
Source of term lcgft
906 ## - LOCAL DATA ELEMENT F, LDF (RLIN)
a 7
b cbc
c copycat
d 2
e ncip
f 20
g y-soundrec
942 ## - ADDED ENTRY ELEMENTS (KOHA)
Source of classification or shelving scheme Dewey Decimal Classification
Koha item type Books
Suppress in OPAC No
999 ## -
-- 827
-- 827
Holdings
Withdrawn status Lost status Source of classification or shelving scheme Damaged status Not for loan Collection Home library Current library Shelving location Date acquired Total Checkouts Full call number Barcode Date last seen Date last checked out Price effective from Koha item type Copy number
    Dewey Decimal Classification     Juvenile Fiction Footprints International School Library Network Toul Kork Campus Footprints International School Library Network Toul Kork Campus TK Primary Library Room(4th Floor), Bookcase 5&6, Shelves 33-56, Orange Books 07/11/2023 1 ERI 517 PZ7.E72556 FISTK00331 01/12/2024 11/22/2023 07/11/2023 Books  
    Dewey Decimal Classification     Juvenile Fiction Footprints International School Library Network Toul Tom Poung Campus Footprints International School Library Network Toul Tom Poung Campus TTP Primary Orange Bookshelves 11/20/2025   ERI 517 PZ7.E72556 FIS02538 11/20/2025   11/20/2025 Books 2